[Event "46th Rilton Cup 2016-17"]
[Site "Stockholm SWE"]
[Date "2017.01.05"]
[Round "9.13"]
[White "Tikkanen, Hans"]
[Black "Houska, Jovanka"]
[Result "1-0"]
[WhiteTitle "GM"]
[BlackTitle "IM"]
[WhiteElo "2531"]
[BlackElo "2397"]
[WhiteFideId "1706446"]
[BlackFideId "405094"]
[EventDate "2016.12.27"]

1. e4 c6 2. d4 d5 3. e5 Bf5 4. h4 a6 5. g4 Bd7 6. Be3 e6 7. Nf3 Qc7 8. c4 dxc4
9. Bxc4 c5 10. Nc3 cxd4 11. Qxd4 Bc6 12. Ne4 Bxe4 13. Qxe4 Ne7 14. Rc1 Nec6 15.
O-O Nd7 16. Bf4 Be7 17. h5 Rd8 18. a3 a5 19. Rc3 Nb6 20. Bb5 Nd5 21. Rc2 Qb6 22.
Qa4 O-O 23. Bg3 Na7 24. Be2 Rc8 25. Rfc1 Rxc2 26. Rxc2 Rd8 27. Bd3 g6 28. hxg6
hxg6 29. Bc4 Nc6 30. Bb5 Na7 31. Be2 Nc6 32. Qb5 Nd4 33. Nxd4 Qxd4 34. Qxb7 Bg5
35. Qb5 Bf4 36. Qxa5 Rb8 37. Bxf4 Nxf4 38. Bf3 Rxb2 39. Rxb2 Qxb2 40. Qd8+ Kh7
41. Qf6 Qc1+ 42. Kh2 Kg8 43. Kg3 Nd5 44. Bxd5 exd5 45. e6 Qxa3+ 46. Kh4 fxe6 47.
Qxg6+ Kh8 48. Qh6+ Kg8 49. Qxe6+ Kh7 50. Qf7+ Kh8 51. Qxd5 Qe7+ 52. Qg5 Qe1 53.
Qf6+ Kh7 54. Kg5 Qd2+ 55. f4 Qd1 56. Qe7+ Kh8 57. Kh6 1-0

[Event "46th Rilton Cup 2016-17"]
[Site "Stockholm SWE"]
[Date "2017.01.05"]
[Round "9.14"]
[White "Salomon, Johan"]
[Black "Hillarp Persson, Tiger"]
[Result "1/2-1/2"]
[WhiteTitle "IM"]
[BlackTitle "GM"]
[WhiteElo "2470"]
[BlackElo "2511"]
[WhiteFideId "1509500"]
[BlackFideId "1700812"]
[EventDate "2016.12.27"]

1. Nf3 c5 2. g3 g6 3. Bg2 Bg7 4. c4 Nc6 5. Nc3 d6 6. O-O h5 7. e3 Nh6 8. Qe2 Bd7
9. b3 Nf5 10. Bb2 h4 11. d3 hxg3 12. hxg3 Kf8 13. Rad1 Kg8 14. Rfe1 Qf8 15. Ne4
Bxb2 16. Qxb2 b6 17. d4 Be8 18. d5 Nd8 19. Nc3 f6 20. e4 Ng7 21. Nh2 g5 22. f4
gxf4 23. gxf4 Bh5 24. Rd3 Nf7 25. Rg3 Rh6 26. Bh3 Rg6 27. Re3 Rxg3+ 28. Rxg3 Nh6
29. Qg2 Kh7 30. Be6 f5 31. Nf3 Bxf3 32. Qxf3 Qf6 33. exf5 Ngxf5 34. Rg5 Rf8 35.
Ne2 Nd4 36. Qe4+ Kh8 37. Nxd4 Qxd4+ 38. Qxd4+ cxd4 39. f5 Nf7 40. Bxf7 Rxf7 41.
Kf2 Rg7 42. Rh5+ Rh7 43. Rxh7+ Kxh7 44. Ke2 Kg7 45. Kd3 Kf6 46. Kxd4 Kxf5 1/2-1/2

[Event "46th Rilton Cup 2016-17"]
[Site "Stockholm SWE"]
[Date "2017.01.05"]
[Round "9.15"]
[White "Grunberg, Mihai-Lucian"]
[Black "Bellia, Fabrizio"]
[Result "1-0"]
[WhiteTitle "IM"]
[BlackTitle "IM"]
[WhiteElo "2389"]
[BlackElo "2433"]
[WhiteFideId "1204149"]
[BlackFideId "800511"]
[EventDate "2016.12.27"]

1. Nf3 Nf6 2. g3 b5 3. Bg2 Bb7 4. b3 e6 5. c4 bxc4 6. bxc4 c5 7. Nc3 Nc6 8. Rb1
Rb8 9. O-O Be7 10. e3 Ba8 11. Rxb8 Qxb8 12. d4 O-O 13. Ba3 cxd4 14. Bxe7 Nxe7
15. exd4 Rc8 16. Qd3 Qb4 17. Ne5 Bxg2 18. Rb1 Qa5 19. Kxg2 d6 20. Nf3 h6 21. Rb5
Qc7 22. Nd2 Qc6+ 23. Kg1 a6 24. Rb3 e5 25. d5 Qc7 26. Qb1 Nd7 27. Rb7 Qd8 28.
Nce4 Nc5 29. Nxc5 Rxc5 30. Qb6 Qxb6 31. Rxb6 Ra5 32. Rxd6 Rxa2 33. Rd8+ Kh7 34.
d6 Nc6 35. Rc8 Rxd2 36. Rxc6 a5 37. c5 a4 38. Rc7 a3 39. Ra7 a2 40. Rxa2 Rxa2
41. c6 Ra6 42. d7 Rxc6 43. d8=Q Re6 44. Qd7 Kg6 45. h4 h5 46. Kf1 e4 47. Qd5 Kh7
48. Qxh5+ Kg8 49. Ke2 g6 50. Qd5 Kg7 51. Ke3 Re8 52. Qd4+ Kg8 53. Qf6 1-0

[Event "46th Rilton Cup 2016-17"]
[Site "Stockholm SWE"]
[Date "2017.01.05"]
[Round "9.16"]
[White "Mihajlov, Sebastian"]
[Black "Sevian, Samuel"]
[Result "1/2-1/2"]
[WhiteTitle "FM"]
[BlackTitle "GM"]
[WhiteElo "2384"]
[BlackElo "2603"]
[WhiteFideId "1512110"]
[BlackFideId "2040506"]
[EventDate "2016.12.27"]

1. Nf3 d5 2. g3 c6 3. Bg2 Bg4 4. O-O Nd7 5. d4 e6 6. Nbd2 f5 7. c4 Bd6 8. b3
Ngf6 9. Bb2 O-O 10. Qc1 Qe7 11. e3 Ne4 12. c5 Bc7 13. b4 g5 14. Ne5 Bh5 15. f3
Nxd2 16. Qxd2 Nxe5 17. dxe5 a5 18. a3 f4 19. Bd4 axb4 20. exf4 gxf4 21. g4 Bg6
22. axb4 Qg5 23. Qb2 h5 24. h3 hxg4 25. hxg4 Bd3 26. Rxa8 Rxa8 27. Ra1 Ra6 28.
Rxa6 Bxa6 29. Qc3 Qg6 30. Qd2 Qb1+ 31. Kh2 Qh7+ 32. Kg1 Qb1+ 33. Kh2 Qh7+ 34.
Kg1 Bd8 35. Qxf4 Qb1+ 36. Kh2 Qh7+ 37. Kg1 Qb1+ 38. Kh2 Qh7+ 39. Kg1 Qb1+ 1/2-1/2

[Event "46th Rilton Cup 2016-17"]
[Site "Stockholm SWE"]
[Date "2017.01.05"]
[Round "9.17"]
[White "Zumsande, Martin"]
[Black "Bellon Lopez, Juan Manuel"]
[Result "0-1"]
[WhiteTitle "IM"]
[BlackTitle "GM"]
[WhiteElo "2485"]
[BlackElo "2336"]
[WhiteFideId "4651324"]
[BlackFideId "2200031"]
[EventDate "2016.12.27"]

1. e4 c5 2. c3 b6 3. d4 Bb7 4. Bd3 Nf6 5. Nd2 cxd4 6. cxd4 Nc6 7. Ne2 e5 8. d5
Nb4 9. Bb1 a5 10. O-O Bc5 11. a3 Na6 12. Ng3 d6 13. Nc4 O-O 14. Ne3 Bc8 15. Nef5
Ne8 16. Bd3 g6 17. Nh6+ Kg7 18. Kh1 Ra7 19. Ng4 Qh4 20. Ne3 Kh8 21. Qe2 Ng7 22.
b4 Bd4 23. Bb2 f5 24. Bxd4 exd4 25. Nc4 f4 26. Nxd6 Bg4 27. Qb2 Qf6 28. e5 Qxe5
29. Nge4 f3 30. g3 Nf5 31. bxa5 Nc5 32. axb6 Nxd3 33. bxa7 Nxb2 34. a8=Q Qxd6
35. Qb7 Qb8 36. Qxb8 Rxb8 37. Rfb1 Kg7 38. Ng5 Nd6 39. Ra2 Ndc4 40. h3 Bf5 41.
Re1 d3 42. Nxf3 d2 43. Nxd2 Nxd2 44. Re2 Be4+ 45. Kh2 Bxd5 0-1

[Event "46th Rilton Cup 2016-17"]
[Site "Stockholm SWE"]
[Date "2017.01.05"]
[Round "9.19"]
[White "Cramling, Pia"]
[Black "Nielsen, Hogni Egilstoft"]
[Result "0-1"]
[WhiteTitle "GM"]
[BlackTitle "FM"]
[WhiteElo "2453"]
[BlackElo "2262"]
[WhiteFideId "1700030"]
[BlackFideId "7200404"]
[EventDate "2016.12.27"]

1. Nf3 e6 2. c4 b6 3. g3 Bb7 4. Bg2 f5 5. O-O Nf6 6. b3 Be7 7. Bb2 O-O 8. Nc3 a5
9. d3 Na6 10. Rb1 Qe8 11. e4 fxe4 12. Ng5 Qg6 13. Ngxe4 Nxe4 14. Nxe4 Bc6 15. a3
Rf7 16. Qe2 Nc5 17. Nxc5 Bxg2 18. Kxg2 Bxc5 19. d4 Bd6 20. Rbd1 Raf8 21. Rd3 h5
22. Bc1 h4 23. a4 Rf5 24. g4 Rf3 0-1

[Event "46th Rilton Cup 2016-17"]
[Site "Stockholm SWE"]
[Date "2017.01.05"]
[Round "9.20"]
[White "Ornstein, Axel"]
[Black "Kazakovskiy, Valeriy"]
[Result "1/2-1/2"]
[WhiteTitle "IM"]
[BlackTitle "IM"]
[WhiteElo "2338"]
[BlackElo "2430"]
[WhiteFideId "1700111"]
[BlackFideId "13507443"]
[EventDate "2016.12.27"]

1. d4 Nf6 2. c4 e6 3. Nc3 Bb4 4. e3 c5 5. Bd3 Nc6 6. Ne2 cxd4 7. exd4 d5 8. cxd5
Nxd5 9. O-O O-O 10. Be4 Nf6 11. Bf3 h6 12. Qb3 Bd6 13. Rd1 Na5 14. Qc2 Qc7 15.
g3 Bd7 16. Bf4 Rac8 17. Rac1 Qb6 18. Be5 Nh7 19. h4 Nc4 20. Be4 f5 21. Bxd6 Qxd6
22. Bg2 b5 23. a3 a5 24. Qb3 a4 25. Qc2 b4 26. axb4 Qxb4 27. Rb1 Nf6 28. Rdc1
Na5 29. Qd3 Nb3 30. Rd1 Bc6 31. Bxc6 Rxc6 32. d5 Rd6 33. Nf4 Nc5 34. Qd4 Qxd4
35. Rxd4 Rb8 36. Rc4 Nce4 37. Nxe4 Nxe4 38. Rc2 exd5 39. Ra1 d4 40. Nd3 Rb3 41.
Nc1 Rb8 42. Nd3 f4 43. Re1 Nf6 1/2-1/2

[Event "46th Rilton Cup 2016-17"]
[Site "Stockholm SWE"]
[Date "2017.01.05"]
[Round "9.21"]
[White "Babikov, Ivan"]
[Black "Sagit, Rauan"]
[Result "1-0"]
[WhiteTitle "FM"]
[BlackTitle "IM"]
[WhiteElo "2259"]
[BlackElo "2417"]
[WhiteFideId "4161106"]
[BlackFideId "1708376"]
[EventDate "2016.12.27"]

1. e4 c5 2. c3 b6 3. d4 Bb7 4. Nd2 e6 5. Ngf3 Nf6 6. e5 Nd5 7. dxc5 Bxc5 8. Ne4
Ne3 9. Bxe3 Bxe4 10. Bxc5 bxc5 11. Bd3 Bd5 12. O-O Nc6 13. Re1 Rb8 14. b3 Bxf3
15. Qxf3 Qg5 16. Qe4 f5 17. exf6 gxf6 18. Re3 Kd8 19. Rd1 Kc7 20. Qa4 Rhg8 21.
Be4 d5 22. Bf3 Qf5 23. c4 Rb4 24. Qa6 Rb6 25. Qa3 d4 26. Bxc6 Kxc6 27. Qa4+ Kb7
28. Qd7+ Kb8 29. Rg3 Rxg3 30. hxg3 Qe5 31. Qxh7 f5 32. Qg8+ Kb7 33. Kf1 Qf6 34.
f4 Rd6 35. Qh7+ Kb8 36. b4 Qd8 37. bxc5 Rd7 38. Rb1+ Kc7 39. Qh5 Qa8 40. Qd1 Qc6
41. Qe1 Qxc5 42. Qxe6 Rh7 43. Rb5 Qa3 44. Qe5+ Kc6 45. Qd5+ Kc7 46. Rb7+ Kc8 47.
Qc6+ Kd8 48. Rb8+ 1-0

[Event "46th Rilton Cup 2016-17"]
[Site "Stockholm SWE"]
[Date "2017.01.05"]
[Round "9.22"]
[White "Larson, Matthew W"]
[Black "Liang, Awonder"]
[Result "1-0"]
[WhiteTitle "FM"]
[BlackTitle "IM"]
[WhiteElo "2330"]
[BlackElo "2495"]
[WhiteFideId "2077990"]
[BlackFideId "2056437"]
[EventDate "2016.12.27"]

1. d4 Nf6 2. c4 e6 3. g3 d5 4. Nf3 Bb4+ 5. Bd2 Be7 6. Bg2 O-O 7. O-O c6 8. Qc2
b6 9. Bf4 Bb7 10. Rd1 Nbd7 11. Nc3 dxc4 12. Nd2 Nd5 13. Nxc4 Nxf4 14. gxf4 Rc8
15. Rac1 Qc7 16. e3 Qb8 17. a3 Nf6 18. Ne5 Rfd8 19. Qb3 Nd5 20. Ne4 c5 21. dxc5
bxc5 22. Qb5 Nc7 23. Qb3 Nd5 24. Qb5 Nc7 25. Qb3 Rxd1+ 26. Rxd1 Nd5 27. Rd2 Qa8
28. Nc3 Rd8 29. f5 c4 30. Nxc4 Qb8 31. fxe6 fxe6 32. Bxd5 exd5 33. Na5 Ba8 34.
Nxd5 Bxd5 35. Rxd5 Qxb3 36. Rxd8+ Bxd8 37. Nxb3 Kf7 38. Nd4 Bb6 39. Kg2 Kf6 40.
f4 g5 41. fxg5+ Kxg5 42. b4 Kf6 43. Kf3 Ke5 44. Ke2 Bxd4 45. exd4+ Kxd4 46. Kd2
Kc4 47. Kc2 h5 48. h4 a6 49. Kb2 Kd4 50. Kb3 Ke4 51. a4 Kd4 52. a5 Kd5 53. Kc3
Kd6 54. Kd4 Kc6 55. Kc4 Kd6 56. b5 axb5+ 57. Kxb5 Kc7 58. Kc5 Kb7 59. Kd5 Ka6
60. Ke5 Kxa5 61. Kf5 Kb6 62. Kg5 Kc7 63. Kxh5 Kd7 64. Kg6 Ke7 65. Kg7 1-0

[Event "46th Rilton Cup 2016-17"]
[Site "Stockholm SWE"]
[Date "2017.01.05"]
[Round "9.23"]
[White "Sarkar, Justin"]
[Black "Hejazipour, Mitra"]
[Result "0-1"]
[WhiteTitle "IM"]
[BlackTitle "WGM"]
[WhiteElo "2415"]
[BlackElo "2307"]
[WhiteFideId "2010011"]
[BlackFideId "12505951"]
[EventDate "2016.12.27"]

1. e4 c5 2. Nf3 d6 3. d4 cxd4 4. Nxd4 Nf6 5. f3 e5 6. Nb3 d5 7. Bg5 Be6 8. Bxf6
gxf6 9. exd5 Qxd5 10. Qxd5 Bxd5 11. Nc3 Be6 12. O-O-O Nc6 13. Nb5 Rc8 14. Kb1 h5
15. Be2 a6 16. Nd6+ Bxd6 17. Rxd6 Nb4 18. Rb6 Bf5 19. Rxf6 Bxc2+ 20. Ka1 Bg6 21.
a3 Nd5 22. Rd6 Nf4 23. Rd2 h4 24. Bd1 Ke7 25. Re1 f6 26. g3 hxg3 27. hxg3 Nd3
28. Re3 Rh1 29. Ka2 Rd8 30. Bc2 Nc1+ 31. Nxc1 Bf7+ 32. Bb3 Rxd2 33. Bxf7 Kxf7
34. Rc3 Rd7 35. Nd3 Rh3 36. f4 exf4 37. Nxf4 Rh2 38. a4 Rhd2 39. Ka3 f5 40. b3
Kf6 41. Rc8 Rd8 42. Rc7 R2d7 43. Rc5 b6 44. Rc6+ Rd6 45. Rc7 R8d7 46. Rc8 a5 47.
Rb8 Ke5 48. Re8+ Kd4 49. Ne2+ Kd3 50. Nf4+ Kc2 51. Rc8+ Kd1 52. Rf8 Rd2 53. Rxf5
Kc1 54. b4 Re7 55. bxa5 Rd4 56. Rb5 bxa5 57. Rc5+ Kb1 58. Rc3 Ree4 59. Nd3 Rc4
60. Rxc4 Rxc4 61. Kb3 Rg4 62. Nc5 Rb4+ 63. Kc3 Ka2 64. g4 Rxg4 65. Nb7 Rxa4 66.
Kc2 Ra3 67. Nc5 Rh3 68. Nb7 a4 69. Nc5 a3 70. Ne4 Re3 71. Nc5 Re8 72. Na4 Rc8+
73. Nc3+ Rxc3+ 74. Kxc3 Kb1 75. Kb3 a2 0-1

[Event "46th Rilton Cup 2016-17"]
[Site "Stockholm SWE"]
[Date "2017.01.05"]
[Round "9.24"]
[White "Henderson de La Fuente, Lance"]
[Black "Nesterov, Arseniy"]
[Result "1-0"]
[WhiteElo "2378"]
[BlackElo "2296"]
[WhiteFideId "32096585"]
[BlackFideId "24198455"]
[EventDate "2016.12.27"]

1. e4 e6 2. d4 d5 3. Nd2 Nf6 4. e5 Nfd7 5. Bd3 c5 6. c3 Nc6 7. Ne2 cxd4 8. cxd4
f6 9. exf6 Qxf6 10. Nf3 h6 11. O-O Bd6 12. Ng3 O-O 13. Bb1 Rd8 14. a3 Nf8 15. b4
Bd7 16. Re1 Be8 17. b5 Na5 18. Ne5 Bxe5 19. dxe5 Qh4 20. f4 Bxb5 21. a4 Bd7 22.
Ra2 Rac8 23. Rf2 Rc4 24. f5 Bxa4 25. Qf3 Qg4 26. Qa3 Nc6 27. Ref1 Qd4 28. fxe6
Nxe6 29. Bb2 Qh4 30. Qd3 Ng5 31. Qxd5+ Rxd5 32. Rf8# 1-0

[Event "46th Rilton Cup 2016-17"]
[Site "Stockholm SWE"]
[Date "2017.01.05"]
[Round "9.25"]
[White "Balcerak, Philipp"]
[Black "Kolbus, Dietmar"]
[Result "0-1"]
[BlackTitle "IM"]
[WhiteElo "2372"]
[BlackElo "2299"]
[WhiteFideId "4655036"]
[BlackFideId "4610628"]
[EventDate "2016.12.27"]

1. e4 e5 2. Nf3 Nf6 3. Nxe5 d6 4. Nf3 Nxe4 5. d4 d5 6. Bd3 Bf5 7. O-O Be7 8. Re1
Nc6 9. a3 O-O 10. c4 Bf6 11. Nc3 Nxc3 12. bxc3 Bxd3 13. Qxd3 Na5 14. cxd5 Nb3
15. Rb1 Nxc1 16. Qc4 Nd3 17. Qxd3 Qxd5 18. Rb5 Qc6 19. Rh5 g6 20. Rc5 Qd7 21.
Qe4 c6 22. Ne5 Qd6 23. Nc4 Qd7 24. Ne5 Qd6 25. h4 Rae8 26. h5 Bg7 0-1

[Event "46th Rilton Cup 2016-17"]
[Site "Stockholm SWE"]
[Date "2017.01.05"]
[Round "9.26"]
[White "Prince, Bajaj"]
[Black "Von Bahr, Oskar"]
[Result "1/2-1/2"]
[WhiteTitle "CM"]
[BlackTitle "FM"]
[WhiteElo "2305"]
[BlackElo "2357"]
[WhiteFideId "5045150"]
[BlackFideId "1703250"]
[EventDate "2016.12.27"]

1. e4 e5 2. Nf3 Nc6 3. Bb5 a6 4. Ba4 Nf6 5. O-O Be7 6. Re1 b5 7. Bb3 d6 8. c3
O-O 9. h3 Bb7 10. d4 Nd7 11. a4 Bf6 12. Na3 Nb6 13. d5 Ne7 14. axb5 axb5 15. Be3
c6 16. dxc6 Bxc6 17. Qd3 Na4 18. Bxa4 bxa4 19. c4 Qb8 20. Nb5 d5 21. exd5 Nxd5
22. cxd5 Qxb5 23. Qxb5 Bxb5 24. Bg5 Rfd8 25. Bxf6 gxf6 26. Nd2 Rxd5 27. Ne4 Ra6
28. b3 Kg7 29. Nc3 Rc5 30. Nxb5 Rxb5 31. Rxa4 Rab6 32. Rg4+ Kf8 33. Rh4 Kg7 34.
Rg4+ 1/2-1/2

[Event "46th Rilton Cup 2016-17"]
[Site "Stockholm SWE"]
[Date "2017.01.05"]
[Round "9.27"]
[White "Nielsen, Rogvi Egilstoft"]
[Black "Morrison, Graham SCO"]
[Result "1/2-1/2"]
[WhiteTitle "FM"]
[BlackTitle "FM"]
[WhiteElo "2351"]
[BlackElo "2283"]
[WhiteFideId "7200447"]
[BlackFideId "2400090"]
[EventDate "2016.12.27"]

1. f4 Nf6 2. Nf3 g6 3. d3 d5 4. e3 Bg7 5. Be2 c5 6. O-O O-O 7. a4 Nc6 8. Qe1 b6
9. Ne5 Bb7 10. Qh4 e6 11. Nxc6 Bxc6 12. Nd2 Ne8 13. Qh3 Qd7 14. a5 Nd6 15. Nf3
f6 16. d4 Bb5 17. Bxb5 Nxb5 18. b3 cxd4 19. exd4 Rac8 20. axb6 axb6 21. Ra6 Rc6
22. Be3 Rfc8 23. Re1 Nc7 24. Ra2 Nb5 25. Ra6 Nc7 26. Ra2 Nb5 27. Ra6 Nc7 28. Ra2
Nb5 29. Ra6 Nc7 30. Ra2 Nb5 1/2-1/2

[Event "46th Rilton Cup 2016-17"]
[Site "Stockholm SWE"]
[Date "2017.01.05"]
[Round "9.28"]
[White "Gulamali, Kazim"]
[Black "Matta, Vinay Kumar"]
[Result "0-1"]
[WhiteTitle "FM"]
[BlackTitle "FM"]
[WhiteElo "2341"]
[BlackElo "2227"]
[WhiteFideId "2024764"]
[BlackFideId "5016649"]
[EventDate "2016.12.27"]

1. Nf3 Nf6 2. c4 g6 3. b3 Bg7 4. Bb2 O-O 5. g3 c6 6. Bg2 d5 7. O-O a5 8. d3 a4
9. b4 dxc4 10. dxc4 Qxd1 11. Rxd1 Be6 12. Nbd2 Rd8 13. a3 Bh6 14. Nd4 Bd7 15. c5
Bxd2 16. Rxd2 Na6 17. Rad1 Rdc8 18. Nb5 Nd5 19. e4 Bg4 20. f3 Ne3 21. fxg4 Nxd1
22. Rxd1 cxb5 23. e5 Rd8 24. Rc1 Nc7 25. Bxb7 Rab8 26. c6 Rd3 27. e6 f6 28. g5
Rbd8 29. gxf6 Rd1+ 30. Kg2 R1d2+ 31. Kh3 Rxb2 32. fxe7 Re8 33. Rd1 Rxe7 0-1

[Event "46th Rilton Cup 2016-17"]
[Site "Stockholm SWE"]
[Date "2017.01.05"]
[Round "9.29"]
[White "Tuomainen, Felix"]
[Black "Nihal, Sarin"]
[Result "0-1"]
[BlackTitle "FM"]
[WhiteElo "2228"]
[BlackElo "2340"]
[WhiteFideId "1720813"]
[BlackFideId "25092340"]
[EventDate "2016.12.27"]

1. d4 Nf6 2. c4 g6 3. Nc3 Bg7 4. Nf3 O-O 5. Bg5 d6 6. e3 h6 7. Bh4 g5 8. Bg3 Nh5
9. Nd2 Nxg3 10. hxg3 c5 11. d5 Bf5 12. g4 Bg6 13. Nf3 Qb6 14. Qd2 Nd7 15. O-O-O
Qb4 16. Nb5 a5 17. Qxb4 axb4 18. a3 Nb6 19. Nd2 Na4 0-1

[Event "46th Rilton Cup 2016-17"]
[Site "Stockholm SWE"]
[Date "2017.01.05"]
[Round "9.30"]
[White "Bracker, Frank"]
[Black "Sadhwani, Raunak"]
[Result "1/2-1/2"]
[WhiteTitle "IM"]
[BlackTitle "CM"]
[WhiteElo "2435"]
[BlackElo "2246"]
[WhiteFideId "24614343"]
[BlackFideId "35093487"]
[EventDate "2016.12.27"]

1. e4 c6 2. d4 d5 3. e5 Bf5 4. Nf3 e6 5. Be2 c5 6. Be3 cxd4 7. Nxd4 Ne7 8. O-O
Nbc6 9. Bb5 a6 10. Bxc6+ bxc6 11. c4 Qd7 12. Nc3 dxc4 13. Na4 Nd5 14. Nxf5 exf5
15. Rc1 c3 16. Nxc3 Nxe3 17. fxe3 g6 18. e4 Qxd1 19. Rcxd1 f4 20. Na4 Bg7 21. e6
fxe6 22. Rxf4 Ke7 23. Rf3 Rad8 24. Rdf1 Bd4+ 25. Kh1 Rhf8 26. g3 Rxf3 27. Rxf3
Rb8 28. b3 Rd8 29. Rd3 Kf6 30. Nc5 Ke5 31. Nxa6 Kxe4 32. Nc5+ Ke5 33. Rd1 Ra8
34. Re1+ Kd5 35. Nxe6 Rxa2 36. Nf4+ Kd6 37. Rd1 c5 38. b4 Ra1 39. bxc5+ Kxc5 40.
Rxa1 Bxa1 41. Kg2 Kd6 42. Kf3 Ke7 43. Ke4 Kf7 44. Nd5 Bb2 45. g4 Bc1 46. h4 Bd2
47. Ke5 h5 48. gxh5 gxh5 49. Kf5 Be1 50. Kg5 Bxh4+ 51. Kxh5 1/2-1/2

[Event "46th Rilton Cup 2016-17"]
[Site "Stockholm SWE"]
[Date "2017.01.05"]
[Round "9.31"]
[White "Rydstrom, Tom"]
[Black "Stefansson, Vignir Vatnar"]
[Result "1-0"]
[WhiteTitle "FM"]
[BlackTitle "FM"]
[WhiteElo "2239"]
[BlackElo "2404"]
[WhiteFideId "1714830"]
[BlackFideId "2308649"]
[EventDate "2016.12.27"]

1. e4 d5 2. exd5 Qxd5 3. Nc3 Qd6 4. d4 c6 5. Nf3 Bg4 6. h3 Bxf3 7. Qxf3 Qxd4 8.
Bf4 Nd7 9. Rd1 Qb4 10. a3 Qb6 11. Rxd7 Kxd7 12. Bc4 Qd4 13. Bxf7 e5 14. Be3 Qd6
15. Ne4 Qc7 16. Bxg8 1-0

[Event "46th Rilton Cup 2016-17"]
[Site "Stockholm SWE"]
[Date "2017.01.05"]
[Round "9.32"]
[White "Luukkonen, Tommi"]
[Black "Risting, Eivind Olav"]
[Result "1-0"]
[WhiteTitle "FM"]
[BlackTitle "FM"]
[WhiteElo "2333"]
[BlackElo "2222"]
[WhiteFideId "501808"]
[BlackFideId "1517333"]
[EventDate "2016.12.27"]

1. e4 c6 2. d4 d5 3. e5 Bf5 4. h4 c5 5. g4 Bd7 6. dxc5 Nc6 7. Bf4 e6 8. Nd2 Bxc5
9. Nb3 Bb6 10. Nf3 Nge7 11. h5 h6 12. Qd2 Qc7 13. a4 Na5 14. Nxa5 Bxa5 15. b4
Bxb4 16. Qxb4 Qxc2 17. Bb5 Bxb5 18. axb5 Rc8 19. O-O Rc4 20. Qd6 Nc8 21. Qa3 Qe4
22. Bg3 Qxg4 23. Nd2 Rd4 24. Rfc1 Ne7 25. Nf1 f5 26. Rc7 Qg5 27. f4 Rxf4 28.
Qxe7+ 1-0

[Event "46th Rilton Cup 2016-17"]
[Site "Stockholm SWE"]
[Date "2017.01.05"]
[Round "9.33"]
[White "Prithu, Gupta"]
[Black "Louis, Thibault"]
[Result "1-0"]
[WhiteElo "2219"]
[BlackElo "2316"]
[WhiteFideId "46618546"]
[BlackFideId "681369"]
[EventDate "2016.12.27"]

1. e4 c5 2. Nf3 Nc6 3. d4 cxd4 4. Nxd4 g6 5. Nc3 Bg7 6. Be3 Nf6 7. Bc4 Qa5 8.
O-O O-O 9. Bb3 d6 10. h3 Bd7 11. Re1 Rfc8 12. Nf3 Qh5 13. Ng5 Qxd1 14. Raxd1 Be8
15. f4 h6 16. Nf3 Nd7 17. Nd4 Nxd4 18. Bxd4 Bxd4+ 19. Rxd4 Nc5 20. e5 dxe5 21.
Rxe5 e6 22. g4 Nxb3 23. axb3 Rd8 24. Ne2 Kg7 25. Kf2 Kf6 26. h4 Ke7 27. b4 Rac8
28. c3 f6 29. Re3 Rxd4 30. Nxd4 Bd7 31. Kg3 Kd6 32. g5 hxg5 33. hxg5 fxg5 34.
fxg5 e5 35. Nf3 Re8 36. Rd3+ Kc7 37. Nh4 Bf5 38. Rf3 e4 39. Re3 Kd6 40. Nxf5+
gxf5 41. Kf4 Kd5 42. Kxf5 Rf8+ 43. Kg4 Ke5 44. g6 Rf4+ 45. Kg5 Rf3 46. Re1 Rg3+
47. Kh6 Rh3+ 48. Kg7 e3 49. Kf7 Rf3+ 50. Kg8 Ke4 51. g7 Kd3 52. Rg1 e2 53. Kh7
Rf1 54. Rg3+ Kc2 55. Rg2 Kd1 56. g8=Q Rh1+ 57. Kg7 e1=Q 58. Qb3+ 1-0

[Event "46th Rilton Cup 2016-17"]
[Site "Stockholm SWE"]
[Date "2017.01.05"]
[Round "9.34"]
[White "Dahl, Trygve"]
[Black "Saravanan, V."]
[Result "1-0"]
[BlackTitle "IM"]
[WhiteElo "2140"]
[BlackElo "2306"]
[WhiteFideId "1513427"]
[BlackFideId "5000580"]
[EventDate "2016.12.27"]

1. e4 c5 2. c3 Nf6 3. d3 Nc6 4. f4 d6 5. Be2 g6 6. Nf3 Bg7 7. O-O O-O 8. Na3 Rb8
9. Nc2 b5 10. Ne3 e6 11. Qe1 d5 12. e5 Nd7 13. Qg3 b4 14. Qh3 bxc3 15. bxc3 Qe7
16. g4 f6 17. d4 cxd4 18. cxd4 fxe5 19. dxe5 Nb6 20. Ng2 Nc4 21. Ngh4 Ba6 22.
Ng5 Bh8 23. Bd3 Nd4 24. Rd1 Nxe5 25. Bxa6 Nc2 26. fxe5 Nxa1 27. Bd3 Rb7 28. Bxg6
hxg6 29. Nxg6 Qg7 30. Nxf8 Qxf8 31. Rf1 Qe8 32. Ba3 Bxe5 33. Rf8+ Qxf8 34. Bxf8
Rb1+ 35. Kf2 Rb2+ 36. Kf1 Rb1+ 37. Ke2 Rb2+ 38. Kd3 Rxh2 39. Qf3 Nc2 40. Qf7+
Kh8 41. Bg7+ 1-0

[Event "46th Rilton Cup 2016-17"]
[Site "Stockholm SWE"]
[Date "2017.01.05"]
[Round "9.35"]
[White "Ziegler, Ari"]
[Black "Kucuksari, Kaan"]
[Result "1-0"]
[WhiteTitle "IM"]
[WhiteElo "2299"]
[BlackElo "2243"]
[WhiteFideId "1700987"]
[BlackFideId "6380166"]
[EventDate "2016.12.27"]

1. d4 Nf6 2. Bf4 e6 3. e3 b6 4. Nf3 Bb7 5. h3 Be7 6. Nbd2 O-O 7. Bd3 d5 8. c3 c5
9. Qb1 Nc6 10. O-O Bd6 11. a3 Bxf4 12. exf4 Qd6 13. g3 a5 14. Re1 g6 15. Qd1 Ba6
16. Bxa6 Rxa6 17. Qe2 Ra7 18. Kg2 Rc8 19. Qe3 c4 20. Ne5 b5 21. Ng4 Qd8 22. Nf3
Ne4 23. Ng5 Kg7 24. Ne5 Nxe5 25. dxe5 Nc5 26. h4 Rd7 27. Nf3 h5 28. Nd4 Nd3 29.
Rh1 b4 30. axb4 axb4 31. Ra6 Nc5 32. Rc6 bxc3 33. bxc3 Rxc6 34. Nxc6 Qb6 35. Nd4
Rb7 36. g4 Ne4 37. f5 exf5 38. gxf5 gxf5 39. Rg1 Kh7 40. Qf3 Qh6 41. Kh2 f4 42.
Nf5 Nd2 43. Qxd5 Qe6 44. Rg7+ 1-0

[Event "46th Rilton Cup 2016-17"]
[Site "Stockholm SWE"]
[Date "2017.01.05"]
[Round "9.36"]
[White "Chizhikov, Vladislav"]
[Black "Johansson, Gunnar"]
[Result "1/2-1/2"]
[WhiteElo "2262"]
[BlackElo "2210"]
[WhiteFideId "4178157"]
[BlackFideId "1703501"]
[EventDate "2016.12.27"]

1. e4 c5 2. Nf3 e6 3. d4 cxd4 4. Nxd4 Nc6 5. Nc3 Qc7 6. Be3 a6 7. Qd2 Nf6 8.
O-O-O Be7 9. f3 b5 10. g4 Nxd4 11. Bxd4 Bb7 12. g5 Nh5 13. Be5 Qxe5 14. Qxd7+
Kf8 15. Qxb7 Bxg5+ 16. Kb1 Qb8 17. Qc6 Qc8 18. Qxc8+ Rxc8 19. a4 Bf6 20. axb5
Bxc3 21. bxc3 axb5 22. Bxb5 Nf4 23. Rd7 g5 24. Kb2 Kg7 25. Ra1 Ng6 26. Raa7 Ne5
27. Rdb7 Kf6 28. c4 Rhf8 29. Ra3 Rxc4 30. Bxc4 Nxc4+ 31. Ka2 Nxa3 32. Kxa3 Rd8
33. c4 Rd2 34. Rb2 Rxb2 35. Kxb2 Ke5 36. Kc3 f5 37. c5 h5 38. exf5 exf5 39. c6
Kd6 40. Kd4 g4 41. fxg4 fxg4 42. Ke4 h4 43. Kf4 g3 44. hxg3 hxg3 45. c7 Kxc7 46.
Kxg3 1/2-1/2